Friendship / (Record no. 1276)

MARC details
000 -LEADER
fixed length control field 00549cam a2200229 i 4500
005 - DATE AND TIME OF LATEST TRANSACTION
control field 20260322212054.0
008 - FIXED-LENGTH DATA ELEMENTS--GENERAL INFORMATION
fixed length control field data
010 ## - LIBRARY OF CONGRESS CONTROL NUMBER
LC control number 79027781
020 ## - INTERNATIONAL STANDARD BOOK NUMBER
International Standard Book Number 0025117602
020 ## - INTERNATIONAL STANDARD BOOK NUMBER
International Standard Book Number 9780025117600
040 ## - CATALOGING SOURCE
Original cataloging agency DLC
Transcribing agency DLC
Modifying agency DLC
050 00 - LIBRARY OF CONGRESS CALL NUMBER
Classification number BF575.F66
Item number B57
082 00 - DEWEY DECIMAL CLASSIFICATION NUMBER
Classification number 155.9/25
092 ## - LOCALLY ASSIGNED DEWEY CALL NUMBER (OCLC)
Classification number 155.9 B57 1980
001 - CONTROL NUMBER
control field data
100 1# - MAIN ENTRY--PERSONAL NAME
Personal name Block, Joel D.
245 10 - TITLE STATEMENT
Title Friendship /
Statement of responsibility, etc. Joel D. Block.
260 ## - PUBLICATION, DISTRIBUTION, ETC.
Place of publication, distribution, etc. New York :
Name of publisher, distributor, etc. Macmillan,
Date of publication, distribution, etc. c1980.
300 ## - PHYSICAL DESCRIPTION
Extent xi, 226 p. ;
Dimensions 22 cm.
504 ## - BIBLIOGRAPHY, ETC. NOTE
Bibliography, etc. note Bibliography: p. 225-226.
650 #0 - SUBJECT ADDED ENTRY--TOPICAL TERM
Topical term or geographic name entry element Friendship.
Holdings
Withdrawn status Lost status Damaged status Not for loan Home library Current library Shelving location Date acquired Total checkouts Full call number Barcode Date last seen Price effective from Koha item type
        Franklin Franklin General stacks 22/03/2026   155.9/25 BC0011319 22/03/2026 22/03/2026 Books